| 000 -CABECERA |
| Longitud fija campo de control |
00622nam a2200193 a 4500 |
| 001 - NÚMERO DE CONTROL |
| Número de control |
5631 |
| 003 - IDENTIFICADOR DEL NÚMERO DE CONTROL |
| Identificador del número de control |
CDMR |
| 005 - FECHA Y HORA DE LA ÚLTIMA TRANSACCIÓN |
| Fecha y hora de la última transacción |
20131121114848.0 |
| 008 - CÓDIGOS DE INFORMACIÓN DE LONGITUD FIJA |
| Códigos de información de longitud fija |
130130s1986||||||||||||||||||||||||||||d |
| 020 ## - NÚMERO INTERNACIONAL NORMALIZADO PARA LIBROS |
| Número Internacional Normalizado para Libros (ISBN) |
8486227411 (tomo 1) |
| 040 ## - FUENTE DE LA CATALOGACIÓN |
| Centro catalogador de origen |
CDMR |
| Lengua de catalogación |
cat |
| Centro transcriptor |
CDMR |
| 245 #0 - MENCIÓN DE TÍTULO |
| Título |
Tratado general de Relaciones Públicas |
| Resto del título |
: concepto y naturaleza |
| Mención de responsabilidad, etc. |
obra dirigida por José Ramón Sánchez Guzmán |
| 260 ## - PUBLICACIÓN, DISTRIBUCIÓN, ETC. (PIE DE IMPRENTA) |
| Lugar de publicación, distribución, etc. |
Madrid |
| Fecha de publicación, distribución, etc. |
1986 |
| Nombre del editor, distribuidor, etc. |
Fundación Universidad-Empresa |
| 300 ## - DESCRIPCIÓN FÍSICA |
| Extensión |
416 p. |
| 500 ## - NOTA GENERAL |
| Nota general |
L'exemplar correspon al 1r volum de l'obra. |
| 650 04 - PUNTO DE ACCESO ADICIONAL DE MATERIA - TÉRMINO DE MATERIA |
| 9 (RLIN) |
2775 |
| Término de materia o nombre geográfico como elemento inicial |
Relacions públiques |
| 650 04 - PUNTO DE ACCESO ADICIONAL DE MATERIA - TÉRMINO DE MATERIA |
| 9 (RLIN) |
1465 |
| Término de materia o nombre geográfico como elemento inicial |
Empresa informativa |
| 942 ## - ENTRADA DE ELEMENTOS AGREGADOS (KOHA) |
| Koha [por defecto] tipo de item |
Monografies |
| Fuente de clasificaión o esquema |
|